000
00343 a2200157 4500
001
44595
020
_a
851130004X
040
_c
Anchieta - Aquarius
100
_a
Lobato, Monteiro
240
1
0
_a
A pílula falante
_l
por
245
1
0
_a
A pílula falante
300
_a
362
0
_a
1987
650
4
_a
Literatura infanto-juvenil
942
_c
BK
999
_c
44595
_d
44595